000 00282nam a22001337a 4500
008 180910b xxu||||| |||| 00| 0 eng d
020 _a9780534465544
041 _aeng
080 _a5510
100 _a39
101 _aMAT
245 _aTan Calculus
_cTan.s.t
942 _2udc
_cBK
999 _c47641
_d47641